000 00539nmm a2200169Ia 4500
008 251105s9999||||xx |||||||||||||||||und||
020 _a9788497429795
041 _aspa
100 _aRuiz Berrio, Julio
245 0 _aEl patrimonio histórico educativo :
_b Su conservación y estudio
264 _a[Madrid, España] :
_bBiblioteca Nueva,
_c2010
300 _a368 páginas
490 _aMemoria y crítica de la educación: Monografías
650 _aEducation
856 _uhttps://public.digitaliapublishing.com/a/6208
942 _cCF
999 _c90482
_d90482